| 000 | 01239nam a22003617a 4500 | ||
|---|---|---|---|
| 001 | 00260 | ||
| 003 | DO-SdBNP | ||
| 005 | 20180206113624.0 | ||
| 008 | 151105b 1995 sp ||||| |||| 00| 0 spa d | ||
| 016 | _aInventariado, 2018 /LP | ||
| 020 | _a8420767085 | ||
| 040 |
_aBPMSU _bspa _cBPMSU |
||
| 041 | 1 | 7 |
_aeng _hspa |
| 100 | 1 |
_aTwain, Mark, _c1835-1910. |
|
| 245 | 1 | 0 |
_aTom Sawyer en el extranjero ; Tom Sawyer detective _cMark Twain ; traducción, apéndice y notas, Maylee Yábar-Dávila ; ilustración Daniel Carter Beard y A.B. Frost. |
| 260 |
_aMadrid : _bAnaya, _c1995. |
||
| 300 |
_a254 p. : _bil. ; _c20 cm. |
||
| 490 | 1 |
_aTus libros _v13 |
|
| 490 | 1 | _aAventuras | |
| 500 | _aIncluye referencias bibliográficas y notas al pie de las páginas. | ||
| 504 | _aBibliográfia : p. 253-254 | ||
| 505 | 0 |
_tTom Sawyer, detective -- _rTwain, Mark |
|
| 534 | _aTom Sawyer abroad ; Tom Sawyer, detective. | ||
| 700 | 1 | 2 |
_tTom Sawyer, detective _rTwain, Mark |
| 700 | 1 | 2 |
_aYábar-Dávila, Maylee, _etr. |
| 700 | 1 | 2 |
_aCarter Beard, Daniel, _eil. |
| 700 |
_a Frost, A. B., _eil. |
||
| 830 | 0 |
_aTus libros ; _n13 |
|
| 830 | 0 | _a Aventuras | |
| 942 |
_2ddc _cBK |
||
| 945 | _aInventariado, 2018 /LP | ||
| 956 |
_aLOPEREZ _b10 |
||
| 999 |
_c8561 _d8561 |
||